PYTHON FOR DATA ANALYSIS : Data Wrangling With Pandas, Numpy & Jupyter (Record no. 9070)

MARC details
000 -LEADER
fixed length control field 00549nam a22001817a 4500
005 - DATE AND TIME OF LATEST TRANSACTION
control field 20260310162437.0
008 - FIXED-LENGTH DATA ELEMENTS--GENERAL INFORMATION
fixed length control field 260309b |||||||| |||| 00| 0 eng d
020 ## - INTERNATIONAL STANDARD BOOK NUMBER
ISBN 978-93-5542-190-6
041 ## - LANGUAGE CODE
Language code of text/sound track or separate title eng
082 ## - DEWEY DECIMAL CLASSIFICATION NUMBER
Classification number 005.133 MCK-P
100 ## - MAIN ENTRY--AUTHOR NAME
Personal name McKINNEY, WES
245 ## - TITLE STATEMENT
Title PYTHON FOR DATA ANALYSIS : Data Wrangling With Pandas, Numpy & Jupyter
250 ## - EDITION STATEMENT
Edition statement 3rd ed, 2022
260 ## - PUBLICATION, DISTRIBUTION, ETC. (IMPRINT)
Place of publication MUMBAI
Name of publisher SHROFF PUBLISHERS & DISTRIBUTERS PVT.LTD
Year of publication 2022
300 ## - PHYSICAL DESCRIPTION
Number of Pages 561;P
650 ## - SUBJECT ADDED ENTRY--TOPICAL TERM
Topical Term COMPUTER SCIENCE AND INFORMATION TECNOLOGY
942 ## - ADDED ENTRY ELEMENTS (KOHA)
Koha item type Books
Holdings
Lost status Damaged status Collection code Home library Current library Shelving location Date acquired Source of acquisition Cost, normal purchase price Serial Enumeration / chronology Full call number Accession Number Koha item type
    CS/IT JRU Library JRU Library NEW ARRIVAL SHELF 09/03/2026 PURCHASE 1800.00 LBI/000881 DATE-06/03/2026 005.133 29329 Books
    CS/IT JRU Library JRU Library SHELF-50-E 09/03/2026 PURCHASE 1800.00 LBI/000881 DATE-06/03/2026 005.133 29330 Books